[Event "Vyatka Cup 7th"]
[White "Chigarev, Vyacheslav"]
[Black "Seidov, Georgij"]
[Site "Kirov"]
[Round "8"]
[Result "0-1"]
[Date "2018.08.22"]
[WhiteElo "1661"]
[BlackElo "1756"]
[PlyCount "109"]
[EventDate "2018.08.15"]
[EventType "tourn"]
[EventRounds "11"]
[EventCountry "RUS"]
[SourceTitle "CBM 187 Extra"]
[Source "ChessBase"]
[SourceDate "2018.11.04"]
[SourceVersion "1"]
[SourceVersionDate "2018.11.04"]
[SourceQuality "1"]

1. e4 e5 2. Nf3 Nc6 3. Bc4 Be7 4. 0-0 Nf6 5. c3 Nxe4 6. Bd5 Nf6 7. Bxc6 dxc6 8. Nxe5 0-0 9. d4 Nd5 10. c4 Nb6 11. b3 a5 12. Bb2 a4 13. Nd2 f6 14. Nef3 Bg4 15. Qc2 Qd7 16. Qc3 a3 17. Bc1 Rfd8 18. b4 Ra4 19. Rb1 Rda8 20. Rb3 R4a6 21. Re1 Bd6 22. Qe3 Bh5 23. Qe6+ Qxe6 24. Rxe6 Bf7 25. Ree3 Nxc4 26. Nxc4 Bxc4 27. Rxa3 Bxb4 28. Rxa6 Rxa6 29. a3 Bd6 30. g3 Ra8 31. Nd2 Bd5 32. Kf1 Kf7 33. Ke2 c5 34. Kd3 Ra4 35. dxc5 Bxc5 36. Re2 Bxa3 37. Bxa3 Rxa3+ 38. Kd4 c6 39. Nb1 Ra5 40. Nc3 Be6 41. Rb2 b5 42. Kc5 Ra6 43. Ne4 Ke7 44. Rd2 Bd5 45. Nd6 Kd7 46. Nf5 Ra4 47. Nxg7 Rc4+ 48. Kb6 b4 49. Rb2 c5 50. Nf5 Rc1 51. Ne3 Be6 52. Kb5 b3 53. Rd2+ Ke7 54. Nd1 Rc2 55. Rd3 0-1

[Event "Vyatka Cup 7th"]
[White "Chigarev, Vyacheslav"]
[Black "Timerkhanov, Alexander"]
[Site "Kirov"]
[Round "1"]
[Result "0-1"]
[Date "2018.08.15"]
[WhiteElo "1661"]
[BlackElo "2367"]
[PlyCount "68"]
[EventDate "2018.08.15"]
[EventType "tourn"]
[EventRounds "11"]
[EventCountry "RUS"]
[SourceTitle "CBM 187 Extra"]
[Source "ChessBase"]
[SourceDate "2018.11.04"]
[SourceVersion "1"]
[SourceVersionDate "2018.11.04"]
[SourceQuality "1"]

1. c4 Nf6 2. d4 e6 3. Nc3 Bb4 4. Qc2 0-0 5. Bg5 h6 6. Bh4 d5 7. e3 c5 8. Nf3 Nc6 9. a3 Bxc3+ 10. bxc3 b6 11. cxd5 exd5 12. Bb5 Qd6 13. Bg3 Qe6 14. Bxc6 Qxc6 15. Ne5 Qe6 16. 0-0 Ne4 17. Rad1 c4 18. Rde1 Qe7 19. Qb2 Bf5 20. Ra1 f6 21. Nc6 Qe6 22. Nb4 g5 23. Rfe1 a5 24. Na2 Ra7 25. Re2 Rg7 26. Nc1 h5 27. f3 Nxg3 28. hxg3 g4 29. Kf2 h4 30. gxh4 gxf3 31. gxf3 Bd3 32. Nxd3 cxd3 33. Ree1 Qh3 34. Rg1 Qh2+ 0-1

[Event "KIrov Arakelian Memorial 7th"]
[White "Seidov, Georgij"]
[Black "Chigarev, Vyacheslav"]
[Site "Kirov"]
[Round "5"]
[Result "1-0"]
[Date "2017.05.16"]
[WhiteElo "1813"]
[BlackElo "1702"]
[PlyCount "67"]
[EventDate "2017.05.12"]
[EventType "swiss"]
[EventRounds "9"]
[EventCountry "RUS"]
[SourceTitle "EXT 2018"]
[Source "ChessBase"]
[SourceDate "2017.10.13"]
[SourceVersion "1"]
[SourceVersionDate "2017.10.13"]
[SourceQuality "1"]

1. d4 Nf6 2. c4 g6 3. Nc3 d5 4. Nf3 Bg7 5. Ne5 0-0 6. e3 c6 7. b4 Ne4 8. Nxe4 dxe4 9. Qc2 f5 10. f4 exf3 11. Nxf3 Nd7 12. c5 Nf6 13. Bc4+ e6 14. 0-0 Re8 15. a3 Qc7 16. Bb2 Nd5 17. Rae1 Kh8 18. e4 Nf6 19. exf5 exf5 20. Rxe8+ Nxe8 21. Ng5 h6 22. Nf7+ Kh7 23. Re1 Nf6 24. Nd6 Bf8 25. Ne8 Nxe8 26. Rxe8 Bg7 27. Bg8+ Kh8 28. d5 cxd5 29. Bxd5+ Kh7 30. Bg8+ Kh8 31. Qd2 f4 32. Bxg7+ Qxg7 33. Be6+ Kh7 34. Bxc8 1-0

[Event "Kirov Shakhov Memorial-B 2nd"]
[White "Oganov, Mikhail"]
[Black "Chigarev, Vyacheslav"]
[Site "Kirov"]
[Round "6"]
[Result "1-0"]
[Date "2014.12.30"]
[WhiteElo "1872"]
[BlackElo "1724"]
[PlyCount "83"]
[EventDate "2014.12.27"]
[EventType "swiss"]
[EventRounds "9"]
[EventCountry "RUS"]
[SourceTitle "CBM 164 Extra"]
[Source "ChessBase"]
[SourceDate "2015.03.02"]
[SourceVersion "1"]
[SourceVersionDate "2015.03.02"]
[SourceQuality "1"]

1. d4 Nf6 2. c4 g6 3. Nc3 d5 4. h4 Bg7 5. cxd5 Nxd5 6. e4 Nxc3 7. bxc3 c5 8. Be3 Nd7 9. h5 e5 10. hxg6 hxg6 11. Rxh8+ Bxh8 12. d5 a6 13. Qa4 Qc7 14. Rd1 Qd6 15. Nf3 Rb8 16. c4 Bg7 17. Ng5 Bf6 18. Be2 Kf8 19. Nh7+ Kg7 20. Nxf6 Nxf6 21. f3 Bd7 22. Qa3 Rc8 23. Rb1 Rc7 24. Kf2 Be8 25. Qa5 Nd7 26. g4 f6 27. g5 f5 28. Qe1 f4 29. Bd2 Qe7 30. Qg1 b6 31. Qg4 Qd6 32. Rh1 Nf8 33. Bc3 Kf7 34. Qh4 Ke7 35. Qh8 Nd7 36. Rh7+ Kd8 37. Qg8 Rc8 38. Qg7 Rc7 39. Bf1 Kc8 40. Rh8 Kd8 41. Qg8 Qe7 42. d6 1-0

[Event "Kirov Arakelian Memorial-B 4th"]
[White "Chigarev, Vyacheslav"]
[Black "Trifonov, Pavel"]
[Site "Kirov"]
[Round "9"]
[Result "0-1"]
[Date "2014.05.05"]
[WhiteElo "1829"]
[BlackElo "2235"]
[PlyCount "53"]
[EventDate "2014.04.30"]
[EventType "tourn"]
[EventRounds "9"]
[EventCountry "RUS"]
[SourceTitle "EXT 2015"]
[Source "ChessBase"]
[SourceDate "2014.11.20"]
[SourceVersion "1"]
[SourceVersionDate "2014.11.20"]
[SourceQuality "1"]

1. e4 c5 2. Nf3 d6 3. d4 cxd4 4. Nxd4 Nf6 5. Nc3 a6 6. Bg5 e6 7. f4 Nbd7 8. Be2 Qb6 9. Qd2 Qxb2 10. Rb1 Qa3 11. 0-0 Qc5 12. Kh1 Be7 13. f5 e5 14. Nb3 Qc7 15. Rbd1 b5 16. Bd3 Bb7 17. Rde1 Rc8 18. Nd1 h6 19. Bxf6 Nxf6 20. Nf2 0-0 21. Qd1 d5 22. Nd2 Bb4 23. Re3 Bxd2 24. Qxd2 dxe4 25. Nxe4 Bxe4 26. Qe2 Bxd3 27. cxd3 0-1